000 01450cam a2200169 4500500
005 20260405010812.0
041 _afre
042 _adc
100 1 0 _aHourdry, Jacques
_eauthor
700 1 0 _aCassier, Pierre
_eauthor
700 1 0 _aD’Hondt, Jean-Loup
_eauthor
700 1 0 _aPorchet, Maurice
_eauthor
245 0 0 _aMétamorphoses animales : Transitions écologiques
260 _bHermann,
_c1995.
520 _aLes métamorphoses animales s'accompagnent de migration d'un milieu vers un autre, tout au long d'une succesion spectaculaire d'étapes et d'adaptations. Longtemps considérées comme de simples changement de forme, elles transmuent les larves juvéniles, définissant ainsi des séquences de transformations d'organes. Directement impliquées dans les transistions écologiques et l'acquisition d'autres modes de vie, elles permettent de réconcilier les vues réductionnistes de la biologie moléculaire et intégratives de la biologie des organes; sur le plan phylogénétique, elles soulignent certaines affinités d'embranchements. Tous les changements de milieu sont examinés dans leur généralité; chaque fois que possible, le déterminisme endocrinien des métamorphoses et des migrations associées pour chaque groupe est décrit et les mécanismes d'actions des hormones analysés. Un manuel de base.
856 4 1 _uhttps://stm.cairn.info/metamorphoses-animales--9782705662646?lang=fr&redirect-ssocas=7080
999 _c2094223
_d2094223